000 00473nam a2200181Ia 4500
003 0STCL
008 150530s9999 xx 000 0 und d
040 _aSTCL
_cSTCL
100 _aGopimani R;Unnithan,K.S.
245 _aKeralathile Fodder vilakalum Pachilavala Vilakalum
250 _a1
260 _bState Institute of Languages; Trivandrum
_c1979
_aTrivandrum
300 _a0
546 _aMalayalam
942 _2ddc
_cBK
999 _c17867
_d17867
005 20220125165816.0